<?xml version="1.0" encoding="UTF-8"?>
<collection xmlns="http://www.loc.gov/MARC21/slim">
 <record>
  <leader>01361nam a2200277 a 4500</leader>
  <controlfield tag="001">1/39504</controlfield>
  <controlfield tag="008">100222s2007    gr       b    00010 gre  </controlfield>
  <datafield tag="020" ind1=" " ind2=" ">
   <subfield code="a">9789600111347</subfield>
  </datafield>
  <datafield tag="035" ind1=" " ind2=" ">
   <subfield code="l">42167</subfield>
  </datafield>
  <datafield tag="040" ind1=" " ind2=" ">
   <subfield code="a">GR-PeUP</subfield>
  </datafield>
  <datafield tag="082" ind1="0" ind2="0">
   <subfield code="a">519.3 ΒΑΡ</subfield>
  </datafield>
  <datafield tag="100" ind1="1" ind2=" ">
   <subfield code="a">Βαρουφάκης, Γιάνης.</subfield>
  </datafield>
  <datafield tag="245" ind1="1" ind2="0">
   <subfield code="a">Θεωρία παιγνίων :</subfield>
   <subfield code="b">η θεωρία που φιλοδοξεί να ενοποιήσει τις κοινωνικές επιστήμες /</subfield>
   <subfield code="c">του Γιάνη Βαρουφάκη.</subfield>
  </datafield>
  <datafield tag="260" ind1="0" ind2=" ">
   <subfield code="a">Αθήνα :</subfield>
   <subfield code="b">Gutenberg,</subfield>
   <subfield code="c">2007.</subfield>
  </datafield>
  <datafield tag="300" ind1=" " ind2=" ">
   <subfield code="a">820 σ. :</subfield>
   <subfield code="b">πιν., διαγρ. ;</subfield>
   <subfield code="c">24 εκ.</subfield>
  </datafield>
  <datafield tag="500" ind1=" " ind2=" ">
   <subfield code="a">Περιέχει γλωσσάριο.</subfield>
  </datafield>
  <datafield tag="504" ind1=" " ind2=" ">
   <subfield code="a">Περιέχει βιβλιογραφία.</subfield>
  </datafield>
  <datafield tag="650" ind1=" " ind2="4">
   <subfield code="a">Θεωρία παιγνίων.</subfield>
  </datafield>
  <datafield tag="650" ind1=" " ind2="4">
   <subfield code="a">Κοινωνικές επιστήμες</subfield>
   <subfield code="x">Μεθοδολογία.</subfield>
  </datafield>
  <datafield tag="650" ind1=" " ind2="4">
   <subfield code="a">Κοινωνικές επιστήμες</subfield>
   <subfield code="x">Μαθηματικά μοντέλα.</subfield>
  </datafield>
  <datafield tag="650" ind1=" " ind2="4">
   <subfield code="a">Game theory.</subfield>
  </datafield>
  <datafield tag="650" ind1=" " ind2="4">
   <subfield code="a">Social sciences</subfield>
   <subfield code="x">Mathematics.</subfield>
  </datafield>
  <datafield tag="650" ind1=" " ind2="4">
   <subfield code="a">Social sciences</subfield>
   <subfield code="x">Methodology.</subfield>
  </datafield>
  <datafield tag="852" ind1=" " ind2=" ">
   <subfield code="a">INST</subfield>
   <subfield code="b">UNIPILB</subfield>
   <subfield code="c">EUDOXOS</subfield>
   <subfield code="e">20150430</subfield>
   <subfield code="h">519.3 ΒΑΡ</subfield>
   <subfield code="p">00173699</subfield>
   <subfield code="q">00173699</subfield>
   <subfield code="t">CLOCOL</subfield>
   <subfield code="y">23</subfield>
   <subfield code="4">3</subfield>
  </datafield>
  <datafield tag="852" ind1=" " ind2=" ">
   <subfield code="a">INST</subfield>
   <subfield code="b">UNIPILB</subfield>
   <subfield code="c">EUDOXOS</subfield>
   <subfield code="e">20150430</subfield>
   <subfield code="h">519.3 ΒΑΡ</subfield>
   <subfield code="p">00173700</subfield>
   <subfield code="q">00173700</subfield>
   <subfield code="t">CLOCOL</subfield>
   <subfield code="y">0</subfield>
   <subfield code="4">2</subfield>
  </datafield>
  <datafield tag="852" ind1=" " ind2=" ">
   <subfield code="a">INST</subfield>
   <subfield code="b">UNIPILB</subfield>
   <subfield code="c">MAIN</subfield>
   <subfield code="e">20100222</subfield>
   <subfield code="h">519.3 ΒΑΡ</subfield>
   <subfield code="p">00160783</subfield>
   <subfield code="q">00160783</subfield>
   <subfield code="t">LOAN</subfield>
   <subfield code="y">0</subfield>
   <subfield code="4">1</subfield>
  </datafield>
 </record>
</collection>
